Introducción a la mecánica

Saved in:
Bibliografiske detaljer
Hovedforfatter: Zamorano H., Nelson (Author)
Format: Bog
Sprog:spansk
Udgivet: Santiago Universitaria 1995
Fag:
Tags: Tilføj Tag
Ingen Tags, Vær først til at tagge denne postø!

MARC

LEADER 00000nam a2200000 a 4500
001 UCZ1244
003 CL-VaPUC
008 950817e19950000CL |||||||||||||||||spa|d
020 |a 9561111578 
082 0 4 |a 531  |b ZAM  |2 21 
100 0 |a Zamorano H., Nelson  |e author  |9 344729 
245 1 0 |a Introducción a la mecánica 
300 |a 500 p 
942 |c BK 
945 |d 19950817 00:00:00  |a awong 
260 |a Santiago  |b Universitaria  |c 1995 
650 0 |a Mecánica   |9 260096 
650 0 |a Cinemática  |9 260942 
650 0 |a Dinámica  |9 260136 
650 0 |a Oscilaciones   |9 344730 
650 0 |a Gravitación   |9 332312 
650 0 |a Masa   |9 344731 
650 7 |a INERCIA  |2 CL-VaPUC  |9 344732 
650 7 |a MOMENTO ANGULAR  |2 CL-VaPUC  |9 344733 
583 |a last modification  |c 20150714 05:39:26  |k Rodrigo Vera 
999 |c 238027  |d 238025 
952 |0 0  |1 0  |4 0  |6 531_000000000000000_ZAM_1995  |7 0  |8 A  |9 247936  |a BIBCUR  |b BIBCUR  |d 2019-11-18  |i 3121828  |l 2  |o 531 ZAM 1995  |p 3121828  |r 2025-04-22  |s 2022-11-14  |w 2019-11-18  |y BK  |k FIS 
952 |0 0  |1 0  |2 ddc  |4 0  |6 531_000000000000000_ZAM_1995  |7 0  |8 A  |9 247938  |a BIBCUR  |b BIBCUR  |c GEN  |d 2019-11-18  |i 3121844  |o 531 ZAM 1995  |p 3121844  |r 2025-04-22  |w 2019-11-18  |y BK  |k FIS 
952 |0 0  |1 0  |4 0  |6 531_000000000000000_ZAM_1995  |7 0  |8 A  |9 247939  |a BIBING  |b BIBING  |d 2019-11-18  |i 4433637  |l 1  |o 531 ZAM 1995  |p 4433637  |r 2025-01-20  |s 2024-04-04  |w 2019-11-18  |y BK  |k CIC